Loading...
| History - Other | 0 | 4 | 0 | 0 | 40 | 29 | 63.00 | 3 | 4 | 0.00 | 0.00 |
| History - World | 0 | 4 | 0 | 1 | 40 | 100 | 123.00 | 4 | 4 | 0.00 | 0.00 |
| Fine Arts - Painting and Sculpture | 0 | 3 | 0 | 3 | 30 | 119 | 133.00 | 0 | 3 | 0.00 | 0.00 |
| Fine Arts - Other | 0 | 3 | 0 | 1 | 30 | 129 | 136.33 | 0 | 3 | 0.00 | 0.00 |
| Religion | 0 | 3 | 1 | 1 | 25 | 51 | 103.67 | 2 | 3 | 0.00 | 0.00 |
| Philosophy | 0 | 2 | 0 | 1 | 20 | 122 | 130.50 | 0 | 2 | 0.00 | 0.00 |
| Literature - British | 0 | 2 | 0 | 2 | 20 | 137 | 144.00 | 0 | 2 | 0.00 | 0.00 |
| Literature - European | 0 | 2 | 1 | 1 | 15 | 136 | 140.00 | 1 | 2 | 0.00 | 0.00 |
| Social Science | 0 | 2 | 2 | 0 | 10 | 95 | 99.50 | 1 | 2 | 0.00 | 0.00 |
| Geography | 0 | 1 | 0 | 1 | 10 | 139 | 139.00 | 0 | 1 | 0.00 | 0.00 |
| Science - Chemistry | 0 | 1 | 0 | 0 | 10 | 87 | 87.00 | 1 | 1 | 0.00 | 0.00 |
| History - European | 0 | 1 | 1 | 0 | 5 | 100 | 100.00 | 0 | 1 | 0.00 | 0.00 |
| Fine Arts - Classical Music | 0 | 0 | 0 | 0 | 0 | 0.00 | 0 | 0 | 0.00 | 0.00 | |
| Science - Other | 0 | 0 | 0 | 0 | 0 | 0.00 | 0 | 0 | 0.00 | 0.00 | |
| History - American | 0 | 1 | 2 | 0 | 0 | 87 | 87.00 | 1 | 1 | 0.00 | 0.00 |
| Science - Biology | 0 | 0 | 0 | 0 | 0 | 0.00 | 0 | 0 | 0.00 | 0.00 | |
| Literature - American | 0 | 0 | 1 | 0 | -5 | 0.00 | 0 | 0 | 0.00 | 0.00 | |
| Mythology | 0 | 0 | 1 | 0 | -5 | 0.00 | 0 | 0 | 0.00 | 0.00 | |
| Literature - World | 0 | 0 | 1 | 0 | -5 | 0.00 | 0 | 0 | 0.00 | 0.00 |